Top Australian Goalscorer in Different Football Competitions - Statistics

General Stats
  • This quiz has been taken 32 times
  • The average score is 6 of 19
Answer Stats
Answer % Correct
Tim Cahill
100%
Sam Kerr
79%
Harry Kewell
71%
Mark Viduka
50%
Jamie Maclaren
33%
John Aloisi
29%
Joshua Kennedy
29%
Mark Bresciano
29%
Brett Holman
21%
Lisa De Vanna
21%
Martin Boyle
21%
Paul Agostino
21%
Scott Chipperfield
21%
Al Hassan Toure
17%
Damian Mori
17%
Michelle Heyman
17%
Travis Dodd
17%
Eddie Krncevic
13%
Frank Farina
13%
No matching quizzes found
Score Distribution
Percent of People with Each Score
Percentile by Number Answered
Your Score History
You have not taken this quiz